000 00594nam a2200193Ia 4500
999 _c22666
_d22666
003 OSt
005 20200515090744.0
008 190216s9999||||xx |||||||||||||| ||und||
020 _a8172920334
040 _coclc
082 _a297
_bMOU/S
100 _aMoudoodi, Abul Ala
_91860
245 2 _aA Short History Of The Revivalist Movement In Islam /
_cAbul Ala Moudoodi
250 _a2nd ed.
260 _bMarkazi Maktaba Islami,
_aDelhi:
_c1997.
300 _a124p
650 0 _aHistory & geography
_vIslamic History
_92271
942 _cBK
_2ddc
_h297
_iMOU/S
_k297
_mMOU/S